| 000 | 00508nam a2200145Ia 4500 | ||
|---|---|---|---|
| 008 | 100122s9999 xx 000 0 und d | ||
| 082 |
_b43609 _a920 |
||
| 100 | _aसोळंकी माधव | ||
| 245 | _aनेहरू - युगाच्या आठवणी | ||
| 260 |
_bविनय प्रकाशन _c1989 |
||
| 300 | _a262 | ||
| 630 | _aनेहरू - युगाच्या आठवणी | ||
| 730 | _aनेहरू - युगाच्या आठवणी | ||
| 942 | _cBOOK | ||
| 999 |
_c423629 _d423626 |
||